[Event "Deutsche Ländermeisterschaft 2019"]
[Site "Würzburg GER"]
[Date "2019.10.04"]
[Round "4"]
[White "Kololli, Martin"]
[Black "Weber, Samuel"]
[Result "1-0"]
[Termination "normal"]
[Board "2.3"]
[WhiteTitle "FM"]
[WhiteElo "2310"]
[BlackElo "2288"]
[WhiteClock "00:31:22"]
[BlackClock "00:17:44"]
[WhiteTeam "Schleswig-Holstein"]
[BlackTeam "Hessen"]
[PlyCount "95"]
[WhiteFideId "12936910"]
[BlackFideId "12924008"]
[EventCountry "GER"]
[EventRounds "7"]
[EventType "team-swiss"]
[EventDate "2019.10.01"]

1. e4 {[%clk 1:30:56]} e5 {[%clk 1:29:52]} 2. Nf3 {[%clk 1:31:20]} Nc6 {[%clk
1:30:15]} 3. d4 {[%clk 1:31:39]} exd4 {[%clk 1:30:00]} 4. Bc4 {[%clk 1:32:02]}
Nf6 {[%clk 1:29:28]} 5. O-O {[%clk 1:32:22]} Nxe4 {[%clk 1:28:33]} 6. Re1
{[%clk 1:32:43]} d5 {[%clk 1:28:54]} 7. Bxd5 {[%clk 1:33:05]} Qxd5 {[%clk
1:29:20]} 8. Nc3 {[%clk 1:33:29]} Qd7 {[%clk 1:29:35]} 9. Nxe4 {[%clk 1:28:23]}
Be7 {[%clk 1:29:27]} 10. Bg5 {[%clk 1:25:59]} O-O {[%clk 1:27:56]} 11. Bxe7
{[%clk 1:25:37]} Qxe7 {[%clk 1:25:05]} 12. Nxd4 {[%clk 1:24:18]} Bd7 {[%clk
1:16:49]} 13. Nb3 {[%clk 1:12:51]} Rfe8 {[%clk 1:01:46]} 14. Nec5 {[%clk
1:04:41]} Qxe1+ {[%clk 1:00:03]} 15. Qxe1 {[%clk 1:05:07]} Rxe1+ {[%clk
1:00:29]} 16. Rxe1 {[%clk 1:05:32]} Bf5 {[%clk 1:00:42]} 17. c3 {[%clk
1:05:07]} b6 {[%clk 0:55:25]} 18. Na6 {[%clk 1:04:10]} Bd3 {[%clk 0:46:09]} 19.
Nxc7 {[%clk 1:04:25]} Rd8 {[%clk 0:46:34]} 20. Nc1 {[%clk 0:55:40]} Bf5 {[%clk
0:38:43]} 21. Re8+ {[%clk 0:55:24]} Rxe8 {[%clk 0:38:54]} 22. Nxe8 {[%clk
0:55:49]} Kf8 {[%clk 0:30:06]} 23. Nd6 {[%clk 0:56:03]} Bb1 {[%clk 0:30:00]}
24. Kf1 {[%clk 0:52:56]} Ke7 {[%clk 0:29:42]} 25. Nc4 {[%clk 0:52:45]} Ke6
{[%clk 0:28:29]} 26. Ke2 {[%clk 0:53:01]} Kd5 {[%clk 0:26:16]} 27. Nd2 {[%clk
0:51:08]} Bf5 {[%clk 0:24:27]} 28. Nd3 {[%clk 0:44:12]} a6 {[%clk 0:15:55]} 29.
Ke3 {[%clk 0:39:44]} b5 {[%clk 0:13:04]} 30. f4 {[%clk 0:38:12]} f6 {[%clk
0:11:40]} 31. b3 {[%clk 0:38:22]} a5 {[%clk 0:09:04]} 32. a3 {[%clk 0:36:11]}
Be6 {[%clk 0:03:13]} 33. c4+ {[%clk 0:26:14]} bxc4 {[%clk 0:03:39]} 34. bxc4+
{[%clk 0:26:21]} Kd6 {[%clk 0:04:02]} 35. Ne4+ {[%clk 0:26:17]} Kc7 {[%clk
0:03:40]} 36. Nb2 {[%clk 0:25:35]} Kb6 {[%clk 0:00:58]} 37. Na4+ {[%clk
0:25:52]} Kc7 {[%clk 0:01:27]} 38. Kd3 {[%clk 0:25:57]} Bf5 {[%clk 0:01:46]}
39. Nac3 {[%clk 0:25:55]} Kd7 {[%clk 0:00:35]} 40. Ke3 {[%clk 0:25:40]} Kc7
{[%clk 0:00:32]} 41. Nd5+ {[%clk 0:17:57]} Kd7 {[%clk 0:29:59]} 42. Ndc3 {[%clk
0:45:31]} Kc7 {[%clk 0:28:02]} 43. g3 {[%clk 0:39:31]} Bh3 {[%clk 0:23:30]} 44.
Nb5+ {[%clk 0:35:57]} Kb6 {[%clk 0:18:27]} 45. Nd4 {[%clk 0:33:24]} Ne7 {[%clk
0:18:44]} 46. Kd3 {[%clk 0:32:24]} Bd7 {[%clk 0:17:29]} 47. c5+ {[%clk
0:31:22]} Kc7 {[%clk 0:17:44]} 48. Kc4 {[%clk 0:31:22]} *

[Event "Deutsche Ländermeisterschaft 2019"]
[Site "Würzburg GER"]
[Date "2019.10.04"]
[Round "4"]
[White "Farokhi, Keyvan"]
[Black "Haack, Kevin"]
[Result "1-0"]
[Termination "normal"]
[Board "2.5"]
[WhiteElo "2018"]
[BlackElo "2044"]
[WhiteClock "00:35:56"]
[BlackClock "00:32:41"]
[WhiteTeam "Schleswig-Holstein"]
[BlackTeam "Hessen"]
[PlyCount "107"]
[WhiteFideId "12998630"]
[BlackFideId "16228715"]
[EventCountry "GER"]
[EventRounds "7"]
[EventType "team-swiss"]
[EventDate "2019.10.01"]

1. e4 {[%clk 1:30:58]} c5 {[%clk 1:30:54]} 2. Nf3 {[%clk 1:31:22]} d6 {[%clk
1:31:19]} 3. d4 {[%clk 1:31:46]} cxd4 {[%clk 1:31:44]} 4. Nxd4 {[%clk 1:32:11]}
Nf6 {[%clk 1:32:09]} 5. Nc3 {[%clk 1:32:36]} a6 {[%clk 1:32:35]} 6. Be3 {[%clk
1:32:21]} e6 {[%clk 1:32:57]} 7. f3 {[%clk 1:32:46]} b5 {[%clk 1:33:09]} 8. Qd2
{[%clk 1:33:11]} Nbd7 {[%clk 1:33:32]} 9. g4 {[%clk 1:33:33]} b4 {[%clk
1:33:56]} 10. Nce2 {[%clk 1:33:59]} h6 {[%clk 1:34:20]} 11. O-O-O {[%clk
1:34:24]} Qc7 {[%clk 1:33:56]} 12. h4 {[%clk 1:34:46]} d5 {[%clk 1:32:23]} 13.
Bf4 {[%clk 1:35:08]} e5 {[%clk 1:23:37]} 14. Bh2 {[%clk 1:35:33]} g6 {[%clk
1:13:48]} 15. g5 {[%clk 1:17:30]} hxg5 {[%clk 1:12:20]} 16. hxg5 {[%clk
1:17:53]} Rxh2 {[%clk 1:05:29]} 17. Rxh2 {[%clk 1:18:22]} exd4 {[%clk 1:05:51]}
18. Rh8 {[%clk 1:18:39]} Nh5 {[%clk 1:05:08]} 19. Qxd4 {[%clk 1:17:20]} Bb7
{[%clk 1:03:17]} 20. exd5 {[%clk 1:16:49]} O-O-O {[%clk 1:02:11]} 21. Bh3
{[%clk 1:13:05]} Bd6 {[%clk 0:57:39]} 22. Rxd8+ {[%clk 1:11:43]} Qxd8 {[%clk
0:57:33]} 23. f4 {[%clk 1:07:34]} Kb8 {[%clk 0:55:59]} 24. Kb1 {[%clk 1:03:06]}
Qe7 {[%clk 0:49:01]} 25. Bg4 {[%clk 0:57:10]} f6 {[%clk 0:18:14]} 26. Bxh5
{[%clk 0:28:55]} gxh5 {[%clk 0:18:31]} 27. Ng3 {[%clk 0:28:52]} Qf7 {[%clk
0:15:58]} 28. Nf5 {[%clk 0:27:37]} Bc5 {[%clk 0:15:56]} 29. Qe4 {[%clk
0:27:23]} Nb6 {[%clk 0:13:27]} 30. Qe6 {[%clk 0:10:43]} Bxd5 {[%clk 0:13:01]}
31. Qxf7 {[%clk 0:11:07]} Bxf7 {[%clk 0:13:27]} 32. Nh6 {[%clk 0:11:00]} Bd5
{[%clk 0:09:29]} 33. g6 {[%clk 0:10:22]} Bf8 {[%clk 0:04:49]} 34. Nf5 {[%clk
0:10:38]} h4 {[%clk 0:04:35]} 35. Nxh4 {[%clk 0:08:42]} Kc7 {[%clk 0:03:00]}
36. Nf5 {[%clk 0:08:26]} Bg8 {[%clk 0:01:42]} 37. g7 {[%clk 0:07:40]} Bc5
{[%clk 0:00:59]} 38. Nh6 {[%clk 0:07:55]} Bh7 {[%clk 0:01:12]} 39. g8=Q {[%clk
0:07:52]} Bxg8 {[%clk 0:01:38]} 40. Nxg8 {[%clk 0:08:15]} Nd7 {[%clk 0:01:11]}
41. Nh6 {[%clk 0:05:21]} Be3 {[%clk 0:01:00]} 42. Rf1 {[%clk 0:05:35]} Nb6
{[%clk 0:00:42]} 43. Ng4 {[%clk 0:05:47]} Nd5 {[%clk 0:30:22]} 44. Rd1 {[%clk
0:35:18]} f5 {[%clk 0:30:40]} 45. Rxd5 {[%clk 0:33:04]} fxg4 {[%clk 0:31:02]}
46. Rg5 {[%clk 0:33:28]} Bxf4 {[%clk 0:31:21]} 47. Rxg4 {[%clk 0:33:53]} Bd6
{[%clk 0:31:46]} 48. c3 {[%clk 0:34:09]} bxc3 {[%clk 0:31:52]} 49. bxc3 {[%clk
0:34:37]} Be5 {[%clk 0:31:57]} 50. Kc2 {[%clk 0:35:00]} Kc6 {[%clk 0:32:17]}
51. Kb3 {[%clk 0:35:20]} Kb6 {[%clk 0:32:34]} 52. c4 {[%clk 0:35:41]} Bd6
{[%clk 0:32:33]} 53. a4 {[%clk 0:35:35]} a5 {[%clk 0:32:41]} 54. Rg5 {[%clk
0:35:56]} 1-0

[Event "Deutsche Ländermeisterschaft 2019"]
[Site "Würzburg GER"]
[Date "2019.10.04"]
[Round "4"]
[White "Yaghi, Rita"]
[Black "Rempe, Jonas"]
[Result "1/2-1/2"]
[Termination "normal"]
[Board "2.6"]
[WhiteElo "1973"]
[BlackElo "1816"]
[WhiteClock "00:05:37"]
[BlackClock "00:24:23"]
[WhiteTeam "Hessen"]
[BlackTeam "Schleswig-Holstein"]
[PlyCount "68"]
[WhiteFideId "7603266"]
[BlackFideId "16202406"]
[EventCountry "GER"]
[EventRounds "7"]
[EventType "team-swiss"]
[EventDate "2019.10.01"]

1. e4 {[%clk 1:30:43]} e5 {[%clk 1:30:53]} 2. Nf3 {[%clk 1:30:46]} Nc6 {[%clk
1:31:14]} 3. Bc4 {[%clk 1:31:07]} Nf6 {[%clk 1:31:39]} 4. d3 {[%clk 1:31:22]}
Be7 {[%clk 1:32:02]} 5. O-O {[%clk 1:31:22]} O-O {[%clk 1:32:25]} 6. Re1 {[%clk
1:31:37]} d6 {[%clk 1:32:49]} 7. a4 {[%clk 1:31:51]} Na5 {[%clk 1:24:04]} 8.
Ba2 {[%clk 1:32:05]} c5 {[%clk 1:24:27]} 9. c3 {[%clk 1:30:37]} Nc6 {[%clk
1:24:11]} 10. Nbd2 {[%clk 1:29:43]} Be6 {[%clk 1:23:29]} 11. Nf1 {[%clk
1:28:22]} Qc7 {[%clk 1:20:04]} 12. Ne3 {[%clk 1:23:45]} Bxa2 {[%clk 1:14:55]}
13. Rxa2 {[%clk 1:24:00]} Rad8 {[%clk 1:15:21]} 14. Nf5 {[%clk 1:17:54]} d5
{[%clk 1:12:31]} 15. Qe2 {[%clk 1:14:41]} c4 {[%clk 1:06:12]} 16. dxc4 {[%clk
1:07:26]} dxe4 {[%clk 0:56:14]} 17. Nxe7+ {[%clk 1:01:02]} Qxe7 {[%clk
0:47:00]} 18. Nd2 {[%clk 1:00:40]} Qd6 {[%clk 0:46:57]} 19. Nxe4 {[%clk
0:57:37]} Nxe4 {[%clk 0:47:12]} 20. Qxe4 {[%clk 0:58:02]} f5 {[%clk 0:47:23]}
21. Qe2 {[%clk 0:58:04]} e4 {[%clk 0:45:42]} 22. b4 {[%clk 0:49:33]} Qf6 {[%clk
0:43:37]} 23. Rc2 {[%clk 0:42:22]} Ne5 {[%clk 0:42:20]} 24. Be3 {[%clk
0:24:47]} Qg6 {[%clk 0:35:43]} 25. Bxa7 {[%clk 0:09:58]} Nf3+ {[%clk 0:33:53]}
26. Kh1 {[%clk 0:09:44]} Nxe1 {[%clk 0:33:28]} 27. Qxe1 {[%clk 0:10:12]} Qa6
{[%clk 0:32:02]} 28. Bc5 {[%clk 0:08:01]} Qxa4 {[%clk 0:31:04]} 29. Rc1 {[%clk
0:07:04]} Rf7 {[%clk 0:30:45]} 30. h3 {[%clk 0:07:13]} Rfd7 {[%clk 0:30:34]}
31. Bd4 {[%clk 0:07:34]} Qa2 {[%clk 0:28:38]} 32. c5 {[%clk 0:07:18]} Qc4
{[%clk 0:28:50]} 33. Ra1 {[%clk 0:05:42]} Qd3 {[%clk 0:24:26]} 34. Rd1 {[%clk
0:05:37]} Qc4 {[%clk 0:24:23]} 1/2-1/2

[Event "Deutsche Ländermeisterschaft 2019"]
[Site "Würzburg GER"]
[Date "2019.10.04"]
[Round "4"]
[White "von Beckh, Frieda"]
[Black "Bräutigam, Katerina"]
[Result "0-1"]
[Termination "normal"]
[Board "2.8"]
[WhiteElo "1541"]
[BlackElo "1778"]
[WhiteClock "01:06:37"]
[BlackClock "00:32:05"]
[WhiteTeam "Hessen"]
[BlackTeam "Schleswig-Holstein"]
[PlyCount "128"]
[WhiteFideId "16233751"]
[BlackFideId "16242980"]
[EventCountry "GER"]
[EventRounds "7"]
[EventType "team-swiss"]
[EventDate "2019.10.01"]

1. e4 {[%clk 1:30:56]} c6 {[%clk 1:30:57]} 2. d4 {[%clk 1:31:18]} d5 {[%clk
1:31:22]} 3. exd5 {[%clk 1:31:44]} cxd5 {[%clk 1:31:43]} 4. Bd3 {[%clk
1:32:07]} Nc6 {[%clk 1:31:46]} 5. c3 {[%clk 1:32:29]} Qc7 {[%clk 1:30:48]} 6.
Ne2 {[%clk 1:32:40]} Bg4 {[%clk 1:29:58]} 7. O-O {[%clk 1:32:36]} e6 {[%clk
1:29:55]} 8. Qe1 {[%clk 1:32:49]} Bd6 {[%clk 1:29:20]} 9. f3 {[%clk 1:32:09]}
Bh5 {[%clk 1:28:57]} 10. Qh4 {[%clk 1:30:59]} Nf6 {[%clk 1:27:17]} 11. Bg5
{[%clk 1:29:49]} Bg6 {[%clk 1:22:17]} 12. Bxg6 {[%clk 1:29:01]} fxg6 {[%clk
1:19:25]} 13. Bxf6 {[%clk 1:27:17]} gxf6 {[%clk 1:19:37]} 14. Qxf6 {[%clk
1:27:36]} Kd7 {[%clk 1:16:50]} 15. f4 {[%clk 1:26:06]} Be7 {[%clk 1:16:25]} 16.
Qg7 {[%clk 1:25:48]} g5 {[%clk 1:09:38]} 17. f5 {[%clk 1:21:20]} Raf8 {[%clk
0:58:02]} 18. Ng3 {[%clk 1:19:13]} exf5 {[%clk 0:40:23]} 19. Nxf5 {[%clk
1:18:50]} Rhg8 {[%clk 0:39:23]} 20. Qh6 {[%clk 1:18:26]} Kd8 {[%clk 0:26:51]}
21. Nd2 {[%clk 1:15:40]} g4 {[%clk 0:19:38]} 22. Rae1 {[%clk 1:14:15]} Bg5
{[%clk 0:17:24]} 23. Qe6 {[%clk 1:10:04]} Bxd2 {[%clk 0:16:16]} 24. Re2 {[%clk
1:09:43]} Bg5 {[%clk 0:14:57]} 25. Qxd5+ {[%clk 1:09:20]} Qd7 {[%clk 0:13:37]}
26. Qc5 {[%clk 1:06:20]} Rf6 {[%clk 0:10:25]} 27. Qc4 {[%clk 1:02:07]} Rgf8
{[%clk 0:09:13]} 28. Ng3 {[%clk 1:01:48]} Bf4 {[%clk 0:07:16]} 29. Rfe1 {[%clk
0:59:07]} Bxg3 {[%clk 0:04:09]} 30. hxg3 {[%clk 0:59:27]} Qf7 {[%clk 0:04:21]}
31. Re6 {[%clk 0:55:42]} Rh6 {[%clk 0:00:54]} 32. Qd5+ {[%clk 0:48:43]} Kc8
{[%clk 0:00:35]} 33. Re8+ {[%clk 0:44:08]} Rxe8 {[%clk 0:00:41]} 34. Qxf7
{[%clk 0:44:11]} Rxe1+ {[%clk 0:01:08]} 35. Kf2 {[%clk 0:44:10]} Rhh1 {[%clk
0:01:27]} 36. Qf5+ {[%clk 0:42:31]} Kc7 {[%clk 0:01:16]} 37. Qf7+ {[%clk
0:42:34]} Ne7 {[%clk 0:00:57]} 38. Qc4+ {[%clk 0:42:31]} Kd8 {[%clk 0:00:55]}
39. Qb5 {[%clk 0:41:29]} Rhf1+ {[%clk 0:01:10]} 40. Qxf1 {[%clk 0:41:51]} Rxf1+
{[%clk 0:01:36]} 41. Kxf1 {[%clk 0:42:09]} Nf5 {[%clk 0:01:46]} 42. Kf2 {[%clk
0:41:22]} Ke7 {[%clk 0:01:31]} 43. d5 {[%clk 0:40:42]} b5 {[%clk 0:01:35]} 44.
b3 {[%clk 0:39:54]} Kd6 {[%clk 0:01:40]} 45. Ke2 {[%clk 0:39:11]} Kxd5 {[%clk
0:01:44]} 46. Kd3 {[%clk 0:39:13]} Nxg3 {[%clk 0:01:27]} 47. Ke3 {[%clk
0:37:54]} Nh5 {[%clk 0:29:19]} 48. a3 {[%clk 1:08:09]} a5 {[%clk 0:29:00]} 49.
Kd2 {[%clk 1:04:48]} Nf4 {[%clk 0:28:59]} 50. a4 {[%clk 1:03:44]} bxa4 {[%clk
0:29:20]} 51. bxa4 {[%clk 1:04:01]} Nxg2 {[%clk 0:29:40]} 52. Kd3 {[%clk
1:03:55]} Nf4+ {[%clk 0:29:53]} 53. Ke3 {[%clk 1:04:06]} g3 {[%clk 0:30:18]}
54. Kf3 {[%clk 1:03:46]} g2 {[%clk 0:30:41]} 55. Kf2 {[%clk 1:04:08]} h5 {[%clk
0:30:55]} 56. Kg1 {[%clk 1:04:21]} h4 {[%clk 0:31:20]} 57. Kh2 {[%clk 1:04:32]}
h3 {[%clk 0:31:43]} 58. Kg1 {[%clk 1:04:57]} Ne2+ {[%clk 0:32:06]} 59. Kf2
{[%clk 1:05:14]} g1=Q+ {[%clk 0:32:24]} 60. Kxe2 {[%clk 1:05:36]} Qg3 {[%clk
0:32:18]} 61. Kd2 {[%clk 1:05:44]} h2 {[%clk 0:31:13]} 62. Ke2 {[%clk 1:06:02]}
h1=Q {[%clk 0:31:29]} 63. c4+ {[%clk 1:06:11]} Kxc4 {[%clk 0:31:46]} 64. Kd2
{[%clk 1:06:37]} Qd3# {[%clk 0:32:05]} 0-1

[Event "Deutsche Ländermeisterschaft 2019"]
[Site "Würzburg GER"]
[Date "2019.10.04"]
[Round "4"]
[White "Lagunow, Raphael"]
[Black "Hoffmann, Sebastian"]
[Result "1/2-1/2"]
[Termination "normal"]
[Board "3.1"]
[WhiteTitle "IM"]
[WhiteElo "2433"]
[BlackElo "2187"]
[WhiteClock "00:15:25"]
[BlackClock "00:30:22"]
[WhiteTeam "Berlin"]
[BlackTeam "Bayern 2"]
[PlyCount "90"]
[WhiteFideId "24652644"]
[BlackFideId "12954535"]
[EventCountry "GER"]
[EventRounds "7"]
[EventType "team-swiss"]
[EventDate "2019.10.01"]

1. e4 {[%clk 1:30:54]} d5 {[%clk 1:30:56]} 2. exd5 {[%clk 1:31:11]} Qxd5 {[%clk
1:31:19]} 3. Nc3 {[%clk 1:31:33]} Qd8 {[%clk 1:31:44]} 4. d4 {[%clk 1:29:42]}
Nf6 {[%clk 1:32:09]} 5. Nf3 {[%clk 1:28:06]} Bg4 {[%clk 1:32:32]} 6. h3 {[%clk
1:25:11]} Bxf3 {[%clk 1:32:56]} 7. Qxf3 {[%clk 1:25:35]} c6 {[%clk 1:33:19]} 8.
Be3 {[%clk 1:22:57]} e6 {[%clk 1:33:43]} 9. Bd3 {[%clk 1:20:23]} Nbd7 {[%clk
1:34:07]} 10. O-O {[%clk 1:09:49]} Be7 {[%clk 1:33:51]} 11. a3 {[%clk 1:05:23]}
a5 {[%clk 1:33:51]} 12. Qg3 {[%clk 0:49:03]} g6 {[%clk 1:24:03]} 13. Ne2 {[%clk
0:28:46]} O-O {[%clk 1:20:36]} 14. c4 {[%clk 0:24:58]} Nh5 {[%clk 1:12:52]} 15.
Qh2 {[%clk 0:22:28]} Qb8 {[%clk 1:11:28]} 16. g4 {[%clk 0:17:28]} Qxh2+ {[%clk
1:10:24]} 17. Kxh2 {[%clk 0:17:56]} Bd6+ {[%clk 1:08:33]} 18. f4 {[%clk
0:14:26]} Ng7 {[%clk 1:08:57]} 19. b4 {[%clk 0:08:54]} axb4 {[%clk 1:02:18]}
20. c5 {[%clk 0:09:18]} Be7 {[%clk 0:57:57]} 21. axb4 {[%clk 0:09:43]} f5
{[%clk 0:58:07]} 22. g5 {[%clk 0:07:23]} b5 {[%clk 0:57:04]} 23. Nc3 {[%clk
0:07:01]} Rfc8 {[%clk 0:45:03]} 24. Be2 {[%clk 0:03:57]} Ne8 {[%clk 0:44:29]}
25. Bf3 {[%clk 0:04:15]} Rxa1 {[%clk 0:44:27]} 26. Rxa1 {[%clk 0:04:44]} Nb8
{[%clk 0:44:06]} 27. Ra8 {[%clk 0:00:42]} Nc7 {[%clk 0:43:29]} 28. Bxc6 {[%clk
0:01:08]} Nxa8 {[%clk 0:42:43]} 29. Bxa8 {[%clk 0:01:36]} Nc6 {[%clk 0:39:39]}
30. Bb7 {[%clk 0:02:05]} Rc7 {[%clk 0:39:53]} 31. Bxc6 {[%clk 0:02:34]} Rxc6
{[%clk 0:40:19]} 32. Nxb5 {[%clk 0:03:03]} Ra6 {[%clk 0:39:56]} 33. d5 {[%clk
0:00:59]} exd5 {[%clk 0:35:47]} 34. Nc7 {[%clk 0:01:27]} Ra3 {[%clk 0:21:19]}
35. Nxd5 {[%clk 0:01:45]} Rd3 {[%clk 0:21:07]} 36. Nxe7+ {[%clk 0:00:55]} Kf7
{[%clk 0:21:37]} 37. c6 {[%clk 0:00:35]} Kxe7 {[%clk 0:21:21]} 38. Bc5+ {[%clk
0:01:03]} Kd8 {[%clk 0:21:05]} 39. Bb6+ {[%clk 0:00:37]} Kc8 {[%clk 0:20:44]}
40. Ba5 {[%clk 0:00:33]} Rc3 {[%clk 0:17:56]} 41. c7 {[%clk 0:15:30]} Rf3
{[%clk 0:47:15]} 42. Kg2 {[%clk 0:15:11]} Rxf4 {[%clk 0:47:38]} 43. Kg3 {[%clk
0:15:39]} Rc4 {[%clk 0:43:50]} 44. Kf3 {[%clk 0:15:01]} Rxc7 {[%clk 0:29:55]}
45. Bxc7 {[%clk 0:15:25]} Kxc7 {[%clk 0:30:22]} *

[Event "Deutsche Ländermeisterschaft 2019"]
[Site "Würzburg GER"]
[Date "2019.10.04"]
[Round "4"]
[White "Danninger, Jannik"]
[Black "Eilenberg, Jonas"]
[Result "0-1"]
[Termination "normal"]
[Board "3.4"]
[WhiteElo "1990"]
[BlackElo "2050"]
[WhiteClock "00:38:13"]
[BlackClock "00:28:08"]
[WhiteTeam "Bayern 2"]
[BlackTeam "Berlin"]
[PlyCount "106"]
[WhiteFideId "16226402"]
[BlackFideId "16204271"]
[EventCountry "GER"]
[EventRounds "7"]
[EventType "team-swiss"]
[EventDate "2019.10.01"]

1. e4 {[%clk 1:30:57]} c5 {[%clk 1:30:53]} 2. Nf3 {[%clk 1:31:18]} Nc6 {[%clk
1:31:16]} 3. d4 {[%clk 1:31:32]} cxd4 {[%clk 1:31:39]} 4. Nxd4 {[%clk 1:31:54]}
Nf6 {[%clk 1:32:05]} 5. Nc3 {[%clk 1:32:01]} e5 {[%clk 1:32:30]} 6. Ndb5 {[%clk
1:32:13]} d6 {[%clk 1:32:53]} 7. Bg5 {[%clk 1:31:27]} a6 {[%clk 1:33:19]} 8.
Na3 {[%clk 1:31:40]} b5 {[%clk 1:33:48]} 9. Bxf6 {[%clk 1:31:25]} gxf6 {[%clk
1:34:09]} 10. Nd5 {[%clk 1:31:47]} Bg7 {[%clk 1:34:14]} 11. Qh5 {[%clk
1:31:20]} f5 {[%clk 1:26:56]} 12. Bd3 {[%clk 1:31:37]} Be6 {[%clk 1:18:32]} 13.
O-O {[%clk 1:31:05]} f4 {[%clk 1:14:02]} 14. c3 {[%clk 1:26:52]} O-O {[%clk
1:05:08]} 15. Nc2 {[%clk 1:26:31]} f5 {[%clk 0:55:58]} 16. Ne1 {[%clk 1:18:51]}
Bxd5 {[%clk 0:53:43]} 17. exd5 {[%clk 1:19:10]} Ne7 {[%clk 0:54:06]} 18. Nf3
{[%clk 1:17:22]} h6 {[%clk 0:52:08]} 19. Nh4 {[%clk 1:15:42]} Qe8 {[%clk
0:49:30]} 20. Qe2 {[%clk 1:13:53]} e4 {[%clk 0:48:45]} 21. Bc2 {[%clk 1:12:57]}
Bf6 {[%clk 0:46:12]} 22. Nxf5 {[%clk 1:11:32]} Nxf5 {[%clk 0:46:13]} 23. Bxe4
{[%clk 1:11:35]} Bg7 {[%clk 0:44:25]} 24. Rfe1 {[%clk 1:08:47]} Qf7 {[%clk
0:38:16]} 25. Rad1 {[%clk 1:03:42]} Rae8 {[%clk 0:36:30]} 26. Qg4 {[%clk
1:01:20]} Ne3 {[%clk 0:33:19]} 27. fxe3 {[%clk 0:57:32]} Rxe4 {[%clk 0:33:39]}
28. exf4 {[%clk 0:55:51]} Rxe1+ {[%clk 0:33:08]} 29. Rxe1 {[%clk 0:56:09]} Qxf4
{[%clk 0:33:24]} 30. Qxf4 {[%clk 0:55:18]} Rxf4 {[%clk 0:33:52]} 31. Re8+
{[%clk 0:53:37]} Kf7 {[%clk 0:33:35]} 32. Ra8 {[%clk 0:52:43]} Rf5 {[%clk
0:33:22]} 33. Ra7+ {[%clk 0:52:06]} Kf6 {[%clk 0:33:18]} 34. Rxa6 {[%clk
0:52:31]} Rxd5 {[%clk 0:33:44]} 35. Kf1 {[%clk 0:51:00]} Ke6 {[%clk 0:32:57]}
36. Ke2 {[%clk 0:50:51]} Rg5 {[%clk 0:31:12]} 37. Kf3 {[%clk 0:50:28]} Rf5+
{[%clk 0:31:20]} 38. Ke2 {[%clk 0:50:06]} Be5 {[%clk 0:31:43]} 39. h3 {[%clk
0:49:58]} Bg3 {[%clk 0:32:06]} 40. b3 {[%clk 0:47:54]} h5 {[%clk 0:31:10]} 41.
a4 {[%clk 0:46:14]} bxa4 {[%clk 0:30:42]} 42. Rxa4 {[%clk 0:46:29]} h4 {[%clk
0:30:22]} 43. Re4+ {[%clk 0:45:48]} Kd5 {[%clk 0:28:17]} 44. Kd3 {[%clk
0:46:01]} Rf2 {[%clk 0:28:05]} 45. Re2 {[%clk 0:45:28]} Rxe2 {[%clk 0:28:16]}
46. Kxe2 {[%clk 0:45:52]} Ke4 {[%clk 0:28:44]} 47. Kd2 {[%clk 0:42:29]} Be5
{[%clk 0:27:34]} 48. b4 {[%clk 0:41:38]} d5 {[%clk 0:26:43]} 49. b5 {[%clk
0:41:21]} Bc7 {[%clk 0:26:47]} 50. Ke2 {[%clk 0:39:45]} Ba5 {[%clk 0:27:05]}
51. g3 {[%clk 0:38:14]} hxg3 {[%clk 0:27:24]} 52. h4 {[%clk 0:38:40]} Bb6
{[%clk 0:27:44]} 53. Kf1 {[%clk 0:38:13]} Kf3 {[%clk 0:28:08]} 0-1

[Event "Deutsche Ländermeisterschaft 2019"]
[Site "Würzburg GER"]
[Date "2019.10.04"]
[Round "4"]
[White "Butenandt, Svenja"]
[Black "Klühs, Gustaf"]
[Result "0-1"]
[Termination "normal"]
[Board "3.6"]
[WhiteElo "1807"]
[BlackElo "1902"]
[WhiteClock "00:00:52"]
[BlackClock "00:49:25"]
[WhiteTeam "Bayern 2"]
[BlackTeam "Berlin"]
[PlyCount "70"]
[WhiteFideId "12993859"]
[BlackFideId "16228936"]
[EventCountry "GER"]
[EventRounds "7"]
[EventType "team-swiss"]
[EventDate "2019.10.01"]

1. d4 {[%clk 1:30:57]} Nf6 {[%clk 1:30:49]} 2. c4 {[%clk 1:31:23]} g6 {[%clk
1:31:15]} 3. Nc3 {[%clk 1:31:49]} Bg7 {[%clk 1:31:35]} 4. e4 {[%clk 1:32:13]}
d6 {[%clk 1:31:56]} 5. Nf3 {[%clk 1:32:33]} O-O {[%clk 1:32:17]} 6. Be2 {[%clk
1:33:00]} c5 {[%clk 1:32:39]} 7. d5 {[%clk 1:32:10]} Na6 {[%clk 1:32:58]} 8. a3
{[%clk 1:29:39]} e5 {[%clk 1:30:04]} 9. Bg5 {[%clk 1:28:33]} h6 {[%clk
1:29:39]} 10. Bd2 {[%clk 1:28:26]} Kh7 {[%clk 1:29:05]} 11. h4 {[%clk 1:17:23]}
Ne8 {[%clk 1:25:40]} 12. Qc1 {[%clk 1:11:52]} f5 {[%clk 1:23:12]} 13. h5 {[%clk
1:09:59]} g5 {[%clk 1:23:09]} 14. exf5 {[%clk 1:06:47]} Bxf5 {[%clk 1:23:15]}
15. g4 {[%clk 1:05:27]} Bxg4 {[%clk 1:12:52]} 16. Nxg5+ {[%clk 1:04:15]} hxg5
{[%clk 1:13:10]} 17. Bxg4 {[%clk 1:04:35]} e4 {[%clk 1:10:12]} 18. Nxe4 {[%clk
0:55:41]} Qe7 {[%clk 1:08:54]} 19. Be6 {[%clk 0:55:33]} Nec7 {[%clk 1:08:12]}
20. Bxg5 {[%clk 0:51:29]} Qe8 {[%clk 1:07:59]} 21. Nxd6 {[%clk 0:50:52]} Qa4
{[%clk 1:02:34]} 22. Qb1+ {[%clk 0:38:31]} Kh8 {[%clk 1:02:52]} 23. Bf7 {[%clk
0:28:57]} Qa5+ {[%clk 0:58:28]} 24. Bd2 {[%clk 0:27:55]} Qb6 {[%clk 0:58:39]}
25. h6 {[%clk 0:15:08]} Bd4 {[%clk 0:57:58]} 26. Bf4 {[%clk 0:10:36]} Ne8
{[%clk 0:53:37]} 27. Nxe8 {[%clk 0:02:56]} Rxf7 {[%clk 0:53:16]} 28. Qe4 {[%clk
0:02:37]} Rxf4 {[%clk 0:53:28]} 29. Qxf4 {[%clk 0:03:03]} Rxe8+ {[%clk
0:53:41]} 30. Kf1 {[%clk 0:02:34]} Qxb2 {[%clk 0:52:56]} 31. Kg2 {[%clk
0:02:42]} Rg8+ {[%clk 0:52:55]} 32. Kh3 {[%clk 0:02:40]} Qc3+ {[%clk 0:52:27]}
33. Kh4 {[%clk 0:02:06]} Be5 {[%clk 0:49:50]} 34. Qe3 {[%clk 0:00:41]} Qxc4+
{[%clk 0:49:25]} 35. Kh3 {[%clk 0:00:52]} Qg4# 0-1